[Event "SLO-chT2 East"]
[Site "Slovenia"]
[Date "2017.10.15"]
[Round "3"]
[White "Cvetko, Branko"]
[Black "Kovac, Mihec"]
[Result "1/2-1/2"]
[WhiteElo "1731"]
[BlackElo "1768"]
[PlyCount "82"]
[EventDate "2017.09.30"]
[EventType "team-tourn"]
[EventRounds "9"]
[EventCountry "SLO"]
[SourceTitle "EXT 2019"]
[Source "ChessBase"]
[SourceDate "2018.10.10"]
[SourceVersion "1"]
[SourceVersionDate "2018.10.10"]
[SourceQuality "1"]

1. e4 c5 2. Nf3 Nc6 3. d4 cxd4 4. Nxd4 g6 5. c3 Bg7 6. Be3 d6 7. Be2 Nf6 8. Nd2 Bd7 9. f3 a6 10. a4 Ne5 11. Qb3 Qc7 12. a5 Bc6 13. Nc4 Nfd7 14. Nxe5 Nxe5 15. Nxc6 Qxc6 16. 0-0 Rc8 17. Rfd1 0-0 18. Ra4 Qd7 19. Rb4 Rc7 20. Rb6 Nc6 21. Ra1 Rfc8 22. Qd5 Qe6 23. Qxe6 fxe6 24. f4 Nd8 25. Bf3 e5 26. Bg4 Rb8 27. Rb3 e6 28. fxe5 Bxe5 29. Bb6 Re7 30. Rb4 Nc6 31. Rba4 h5 32. Bf3 Rf8 33. Be2 Kg7 34. Rd1 g5 35. Bxh5 Rh8 36. g4 Bf4 37. Kg2 Kf6 38. Bd4+ Nxd4 39. Rdxd4 Rc7 40. Rdc4 Rhc8 41. Rxc7 Rxc7 1/2-1/2

[Event "SLO-chT2 East"]
[Site "Slovenia"]
[Date "2017.09.30"]
[Round "1"]
[White "Planinsek, Branko"]
[Black "Kovac, Mihec"]
[Result "1/2-1/2"]
[WhiteElo "1926"]
[BlackElo "1768"]
[PlyCount "66"]
[EventDate "2017.09.30"]
[EventType "team-tourn"]
[EventRounds "9"]
[EventCountry "SLO"]
[SourceTitle "EXT 2019"]
[Source "ChessBase"]
[SourceDate "2018.10.10"]
[SourceVersion "1"]
[SourceVersionDate "2018.10.10"]
[SourceQuality "1"]

1. d4 Nf6 2. c4 e6 3. Nc3 b6 4. e4 d6 5. f4 Bb7 6. Bd3 g6 7. Nf3 Bg7 8. 0-0 Na6 9. a3 Nd7 10. e5 0-0 11. Ne4 f5 12. exf6 Nxf6 13. Neg5 Qd7 14. Qe2 Rae8 15. c5 Nb8 16. cxd6 Qxd6 17. Bd2 Nd5 18. Ne5 Bxe5 19. fxe5 Qe7 20. Qg4 c5 21. Rxf8+ Rxf8 22. dxc5 Qxc5+ 23. Kh1 Qe7 24. Ne4 Nc6 25. Bg5 Qd7 26. Qg3 Nd4 27. Nf6+ Nxf6 28. Bxf6 Nf5 29. Bxf5 exf5 30. Re1 Qe6 31. h4 Kf7 32. Rc1 Rc8 33. Rxc8 Qxc8 1/2-1/2

[Event "SLO-chT2 East"]
[Site "Slovenia"]
[Date "2013.12.09"]
[Round "8"]
[White "Kovac, Mihec"]
[Black "Brinovec, David"]
[Result "1/2-1/2"]
[WhiteElo "1850"]
[BlackElo "1908"]
[PlyCount "49"]
[EventDate "2013.09.07"]
[EventType "team-tourn"]
[EventRounds "9"]
[EventCountry "SLO"]
[SourceTitle "EXT 2015"]
[Source "ChessBase"]
[SourceDate "2014.11.20"]
[SourceVersion "1"]
[SourceVersionDate "2014.11.20"]
[SourceQuality "1"]

1. e4 e5 2. Nf3 Nc6 3. Bb5 Nge7 4. 0-0 g6 5. d4 exd4 6. Nxd4 Bg7 7. Nxc6 Nxc6 8. Bxc6 bxc6 9. c3 0-0 10. Nd2 d5 11. h3 Re8 12. exd5 cxd5 13. Nf3 Qd6 14. Be3 Rb8 15. Qd2 a6 16. Rfe1 Bb7 17. Bh6 Rbd8 18. Bxg7 Kxg7 19. Rxe8 Rxe8 20. Re1 Rxe1+ 21. Qxe1 f6 22. Qe3 c5 23. a3 a5 24. Qe8 Bc6 25. Qe3 1/2-1/2

[Event "SLO-chT2 East"]
[Site "Slovenia"]
[Date "2013.12.09"]
[Round "9"]
[White "Kovac, Mihec"]
[Black "Grah, Matej"]
[Result "0-1"]
[WhiteElo "1850"]
[BlackElo "1788"]
[PlyCount "102"]
[EventDate "2013.09.07"]
[EventType "team-tourn"]
[EventRounds "9"]
[EventCountry "SLO"]
[SourceTitle "EXT 2015"]
[Source "ChessBase"]
[SourceDate "2014.11.20"]
[SourceVersion "1"]
[SourceVersionDate "2014.11.20"]
[SourceQuality "1"]

1. e4 c6 2. Nc3 d5 3. Nf3 Bg4 4. h3 Bh5 5. d4 Nf6 6. exd5 cxd5 7. Be2 Nc6 8. Ne5 Bxe2 9. Nxe2 e6 10. Nxc6 bxc6 11. Bg5 Rb8 12. Bxf6 Qxf6 13. Rb1 Bd6 14. c3 0-0 15. 0-0 Rfc8 16. b4 e5 17. a3 e4 18. f3 e3 19. Qd3 Re8 20. g3 h5 21. Kg2 Bc7 22. f4 Re4 23. Rf3 Rbe8 24. Rbf1 Qh6 25. Qa6 R4e7 26. Qd3 Re4 27. Qa6 Bb8 28. Qd3 f5 29. a4 h4 30. g4 fxg4 31. hxg4 g5 32. Kh3 gxf4 33. Qd1 Qg5 34. Rg1 R8e7 35. Rg2 a5 36. bxa5 Rb7 37. a6 Ra7 38. Qd3 Qd8 39. Rg1 Qc8 40. Rb1 Rg7 41. Rg1 Bd6 42. Nc1 Ra7 43. c4 Qxa6 44. cxd5 Qxd3 45. Nxd3 Rxd4 46. Ne1 cxd5 47. Ng2 Raxa4 48. Nxh4 Re4 49. g5 e2 50. Ng2 Rad4 51. Re1 Bb4 0-1